Ego-psychologie: teorie a prax /

Salvato in:
Dettagli Bibliografici
Autori principali: Blanck, G (Autore), Blanck, R (Autore)
Altri autori: Procházková, Hana (Traduttore)
Natura: Libro
Lingua:ceco
Pubblicazione: Praha : Psychoanalytické nakladatelství, 1992
Edizione:1.vyd.
Soggetti:
Tags: Aggiungi Tag
Nessun Tag, puoi essere il primo ad aggiungerne!!

MARC

LEADER 00000nam a22000003a 4500
001 stu41191
005 20150617225718.9
008 931108s1992----cs------------------cze-d
040 |a STU  |b slo 
041 0 |a cze 
044 |a cs 
080 |a 159.923.2 
100 1 |a Blanck, G  |4 aut 
245 1 |a Ego-psychologie: teorie a prax /  |c [aut.]G. Blanck, R. Blanck; Z angl. Hana Procházková 
250 |a 1.vyd. 
260 |a Praha :  |b Psychoanalytické nakladatelství,  |c 1992 
300 |a 205 s 
650 7 |a Psychológia individualít  |2 stusub 
650 7 |a Ego-psychológia  |2 stusub 
700 1 |a Blanck, R  |4 aut 
700 1 |a Procházková, Hana  |4 trl 
996 |b 284M081854  |c M*8350-1  |l MMKN  |s A  |a 24  |w stu41191_0001